Uspechi mechaniki
Saved in:
| Format: | Serial |
|---|---|
| Language: | Russian |
| Published: |
Warszawa :
Gosudarstvennoje naučnoje izdateľstvo
|
| Subjects: | |
| ISSN: | 0137-3722 |
| Online Access: |
|
| Tags: |
Add Tag
No Tags, Be the first to tag this record!
|
MARC
| LEADER | 00000nas a2200000 4500 | ||
|---|---|---|---|
| 003 | SK-BrCVT | ||
| 005 | 20250203120312.0 | ||
| 008 | u199u9999pl e c rus | ||
| 022 | |a 0137-3722 | ||
| 035 | |a CVTIDW1252587 | ||
| 040 | |b slo |a BA002 |e AACR2 |c CVTI SR |d CVT | ||
| 041 | 0 | |a rus | |
| 044 | |a pl | ||
| 080 | |a 531(05) |2 UDC-MRF | ||
| 080 | |a 532(05) |2 UDC-MRF | ||
| 080 | |a 533(05) |2 UDC-MRF | ||
| 245 | 1 | 0 | |a Uspechi mechaniki |
| 260 | |a Warszawa : |b Gosudarstvennoje naučnoje izdateľstvo | ||
| 310 | |a Štvrťročník | ||
| 500 | |a Vo fonde od roku:1979 | ||
| 500 | |a Od r. 1990 zrušený. | ||
| 653 | 1 | |a mechanika | |
| 910 | |b C6486 | ||
| 942 | |2 udc |c 15 | ||
| 999 | |c 157703 |d 157703 | ||
| 974 | |b Soňa Beutelhauserová | ||